The Madras account code (Record no. 500261)

000 -LEADER
fixed length control field 00341cam a22001097a 4500
008 - FIXED-LENGTH DATA ELEMENTS--GENERAL INFORMATION
fixed length control field 180718b1965 xxu||||| |||| 00| 0 eng d
082 ## - DEWEY DECIMAL CLASSIFICATION NUMBER
Classification number Loox5452 M267ac
245 ## - TITLE STATEMENT
Title The Madras account code
260 ## - PUBLICATION, DISTRIBUTION, ETC.
Place of publication, distribution, etc. Madras
Name of publisher, distributor, etc. The Director of Stationery and Printing
Date of publication, distribution, etc. 1965
300 ## - PHYSICAL DESCRIPTION
Extent 447+p.
500 ## - GENERAL NOTE
General note Contents : Library has v.3 : Departmental Accounts
Holdings
Withdrawn status Lost status Damaged status Not for loan Permanent Location Current Location Date acquired Full call number Barcode Date last seen Price effective from Koha item type
        Indian Institute of Public Administration Indian Institute of Public Administration 2018-08-04 Loox5452 M267ac G6935 2018-08-04 2018-08-04 G

Powered by Koha